Only the Paranoid Survive (Record no. 9605)

MARC details
000 -LEADER
fixed length control field 00374nam a2200157Ia 4500
008 - FIXED-LENGTH DATA ELEMENTS--GENERAL INFORMATION
fixed length control field 221030s9999 xx 000 0 und d
020 ## - INTERNATIONAL STANDARD BOOK NUMBER
ISBN 0006388272
041 ## - LANGUAGE CODE
Language code of text/sound track or separate title
082 ## - DEWEY DECIMAL CLASSIFICATION NUMBER
Classification number 105.23
100 ## - MAIN ENTRY--AUTHOR NAME
Personal name A. S. Grove
245 #0 - TITLE STATEMENT
Title Only the Paranoid Survive
Statement of responsibility, etc by A. S. Grove
260 ## - PUBLICATION, DISTRIBUTION, ETC. (IMPRINT)
Name of publisher Harper Collins
Place of publication London
Year of publication 1988
300 ## - PHYSICAL DESCRIPTION
Number of Pages 210
650 ## - SUBJECT ADDED ENTRY--TOPICAL TERM
Topical Term General
942 ## - ADDED ENTRY ELEMENTS (KOHA)
Koha item type Books
Holdings
Accession Number Cost, normal purchase price Full call number Source of acquisition Price effective from Koha item type Withdrawn / writtenoff status Materials specified (bound volume or other part) Damaged status Not for loan Permanent Location Current Location Shelving location Date acquired Lost/ Missing status department
BE 11982 9.99 105.23 Gifted by JD MIET 10/30/2022 Books   Print     MIET Library, Jammu MIET Library, Jammu BL-Academic Block A, FL-1, CUP-0, SH-0, R-0 09/19/2011   BE